| 000 | 00982nam a22002177a 4500 | ||
|---|---|---|---|
| 999 |
_c11108 _d11108 |
||
| 003 | AR-CdUCM | ||
| 008 | 190402b ||||| |||| 00| 0 spa d | ||
| 040 |
_aMUNICIPALIDAD PROVINCIAL DEL CUSCO _cBIBLIOTECA MUNICIPAL DEL CUSCO |
||
| 082 |
_a346.6 / _bB24 / 1944 |
||
| 100 |
_aBarandiaran, Jose Leon _99531 |
||
| 245 | _aComentarios al código civil peruano (de los contratos) / | ||
| 260 |
_aLima : _bImprenta Gil, _c1944. |
||
| 300 |
_a2 tomos ; _c23 cm. |
||
| 505 | _aContenido :t.3 : Disposiciones generales -- Delas estipulaciones en favor de terceros -- De las arras -- De la eviccion y el saneamiento -- De las obligaciones provenientes de la voluntad unilateral ... t.4 : De las Personas naturales -- de los registros del estado civil -- de las personas jurídicas. | ||
| 650 |
_aCódigo civil peruano _928279 |
||
| 650 |
_aDisposiciones generales _928280 |
||
| 650 |
_aContratos _98317 |
||
| 650 |
_aOperación jurídica _928281 |
||
| 942 |
_2ddc _cLIBROS |
||
| 945 | _awnts | ||